|
|
|
|
| LEADER |
00706nam a22001817a 4500 |
| 008 |
211224b20122014ii ||||| |||| 00| e m d |
| 020 |
|
|
|a 9 788182 660540
|
| 041 |
|
|
|a mal
|
| 082 |
|
|
|a 854
|
| 245 |
|
|
|a ജനാധിപത്യവും സിവിൽ സമൂഹവും /
|c Venu K.
|
| 246 |
|
|
|a Janadipathyavum Civil Samoohavum
|
| 250 |
|
|
|a 2nd
|
| 260 |
|
|
|a കോഴിക്കോട് :
|b മാതൃഭൂമി ബുക്സ് ,
|c 2014.
|
| 300 |
|
|
|a 120pages.
|
| 650 |
|
7 |
|2 fast
|9 1069246
|a Malayalam essays
|
| 942 |
|
|
|c BK
|
| 999 |
|
|
|c 364802
|d 364802
|
| 952 |
|
|
|0 0
|1 0
|2 ddc
|4 0
|6 854_000000000000000
|7 0
|9 425216
|a MAL
|b MAL
|c ST1
|d 2021-12-24
|g 90.00
|i 40895
|l 0
|o 854
|p MAL40895
|r 2021-12-24
|w 2021-12-24
|y BK
|